Orthodontics : (Record no. 22327)
[ view plain ]
| 000 -LEADER | |
|---|---|
| fixed length control field | 03547cam a22003015a 4500 |
| 001 - CONTROL NUMBER | |
| control field | 8864337 |
| 005 - DATE AND TIME OF LATEST TRANSACTION | |
| control field | 20160907141135.0 |
| 008 - FIXED-LENGTH DATA ELEMENTS--GENERAL INFORMATION | |
| fixed length control field | 110419t2012 paua frb 001 0 eng d |
| 020 ## - INTERNATIONAL STANDARD BOOK NUMBER | |
| International Standard Book Number | 9780323066419 |
| 020 ## - INTERNATIONAL STANDARD BOOK NUMBER | |
| International Standard Book Number | 0323066410 |
| 040 ## - CATALOGING SOURCE | |
| Original cataloging agency | DNLM/DLC |
| Transcribing agency | DLC |
| Modifying agency | YDX |
| -- | BTCTA |
| -- | YDXCP |
| -- | NLM |
| -- | JAA |
| -- | EG-ScBUE |
| Language of cataloging | eng |
| 082 04 - DEWEY DECIMAL CLASSIFICATION NUMBER | |
| Classification number | 617.643 |
| Edition number | 22 |
| Item number | ORT |
| 245 00 - TITLE STATEMENT | |
| Title | Orthodontics : |
| Remainder of title | current principles and techniques / |
| Statement of responsibility, etc | edited by Lee W. Graber, Robert L. Vanarsdall, Katherine W. L. Vig. |
| 250 ## - EDITION STATEMENT | |
| Edition statement | 5th ed. |
| 260 ## - PUBLICATION, DISTRIBUTION, ETC. (IMPRINT) | |
| Place of publication, distribution, etc | Philadelphia : |
| Name of publisher, distributor, etc | Elsevier / Mosby, |
| Date of publication, distribution, etc | c.2012. |
| 300 ## - PHYSICAL DESCRIPTION | |
| Extent | xii, 1092 p. : |
| Other physical details | ill. (some col.) ; |
| Dimensions | 29 cm. |
| 500 ## - GENERAL NOTE | |
| General note | Index : p. 1075-1092. |
| 504 ## - BIBLIOGRAPHY, ETC. NOTE | |
| Bibliography, etc | Includes bibliographical references. |
| 505 8# - FORMATTED CONTENTS NOTE | |
| Formatted contents note | The decision-making process in orthodontics / James L. Ackerman, Tung Nguyen, William R. Proffit -- Special considerations in diagnosis and treatment planning / David M. Sarver, Mark Yanosky -- Psychological aspects of orthodontics / Leslie Will -- Craniofacial imaging in orthodontics / James K. Mah, David Hatcher, William E. Harrell -- Genetics and orthodontics / James K. Hartsfield -- The upper airway and craniofacial morphology / Brian Preston -- Orthodontic therapy and the temporomandibular disorder patient / Jeffrey P. Okeson, Kazumi Ikeda -- Craniofacial growth and development: evidence-based perspectives/ David S. Carlson, Peter H. Buschang -- Tissue reactions in orthodontics / Birgit Thilander -- Bone physiology, metabolism, and biomechanics in orthodontic practice / W. Eugene Roberts -- Application of bioengineering to clinical orthodontics/ Charles J. Burstone -- Biomechanical considerations with temporary anchorage devices / Young-Chel Park, Jung Kook Kim, Jong Suk Lee -- Interceptive guidance of occlusion with emphasis on diagnosis / Jack G. Dale, Hali C. Dale -- Optimizing orthodontic and dentofacial orthopedic treatment timing / James A. McNamara, Laurie McNamara, Lee W. Graber -- Standard edgewise: Tweed-Merrifield philosophy: diagnosis treatment planning, and force systems / James L. Vaden, Herbert A. Klontz, Jack G. Dale -- Contemporary treatment mechanics using the straight wire appliance / Antonino G. Secchi, Jorge Ayala -- Self-ligating brackets: theory, practice, and evidence / Nigel Harradine -- Lingual orthodontics with completely customized appliances / Dirk Wiechmann -- Clear aligner treatment / David E. Paquette -- Integrating digital and robotic technologies: diagnosis, treatment planning, and therapeutics / Rohit C.L. Sachdeva -- Bonding in orthodontics / Björn U. Zachrisson, Tamer Büyükyilmaz -- Non-extraction treatment / Norman M. Cetlin, Raffaele Spena, Robert L. Vanarsdall -- Periodontal-orthodontic interrelationships / Robert L. Vanarsdall, Jr., Antonino G. Secchi -- Adult interdisciplinary therapy: diagnosis and treatment / Robert L. Vanarsdall, David R. Musich -- Orthodontic aspects of orthognathic surgery / David R. Musich, Peter D. Chemello -- The orthodontist's role in a cleft palate-craniofacial team / Katherine W.L. Vig, Ana M. Mercado -- Stability, retention, and relapse / Donald R. Joondeph -- Dental materials in orthodontics / Theodore Eliades -- Searching for evidence for clinical practice / David Turpin, Greg Huang -- Lasers in orthodontics / Stephen Tracey, Antonio Gracco. |
| 650 #0 - SUBJECT ADDED ENTRY--TOPICAL TERM | |
| Topical term or geographic name as entry element | Orthodontics. |
| Source of heading or term | BUEsh |
| 651 ## - SUBJECT ADDED ENTRY--GEOGRAPHIC NAME | |
| Source of heading or term | BUEsh |
| 653 ## - INDEX TERM--UNCONTROLLED | |
| Resource For college | |
| Arrived date list | September2016 |
| 700 1# - ADDED ENTRY--PERSONAL NAME | |
| Personal name | Graber, Lee W., |
| Relator term | editor. |
| 700 1# - ADDED ENTRY--PERSONAL NAME | |
| Personal name | Vanarsdall, Robert L., |
| Relator term | editor. |
| 700 1# - ADDED ENTRY--PERSONAL NAME | |
| Personal name | Vig, Katherine W. L., |
| Relator term | editor. |
| 942 ## - ADDED ENTRY ELEMENTS (KOHA) | |
| Source of classification or shelving scheme | Dewey Decimal Classification |
| Withdrawn status | Item status | Source of classification or shelving scheme | Damaged status | Not for loan | Vendor | Home library | Current library | Shelving location | Date acquired | Source of acquisition | Cost, normal purchase price | Serial Enumeration / chronology | Total Checkouts | Total Renewals | Full call number | Barcode | Checked out | Date last seen | Date last borrowed | Cost, replacement price | Koha item type |
|---|---|---|---|---|---|---|---|---|---|---|---|---|---|---|---|---|---|---|---|---|---|
| Dewey Decimal Classification | Central Library | Central Library | First floor | 07/09/2016 | Purchase | 2000.00 | 0000479 | 2 | 1 | 617.643 ORT | 000033570 | 11/11/2020 | 12/10/2020 | 12/10/2020 | 2500.00 | Book - Borrowing |